| 000 | 00791nam a22002177a 4500 | ||
|---|---|---|---|
| 999 |
_c12534 _d12534 |
||
| 003 | AR-CdUCM | ||
| 008 | 190409b ||||| |||| 00| 0 spa d | ||
| 040 |
_aMUNICIPALIDAD PROVINCIAL DEL CUSCO _cBIBLIOTECA MUNICIPAL DEL CUSCO |
||
| 082 |
_a374.4 / _bC29 / 1964 |
||
| 100 |
_aCastro Harrison, Jorge _930412 |
||
| 245 | _aMemoria / | ||
| 260 |
_aLima : _bGran Unidad Escolar Bartolomé Herrera, _c1964. |
||
| 300 |
_a537 páginas ; _bCuadros, _c21 cm. |
||
| 505 | _aContenido: Memorias e informes de la Gran Unidad Escolar Bartolomé Herrera de Lima. | ||
| 650 |
_aMemorias e informes _930413 |
||
| 650 |
_aEscuelas y colegios _94927 |
||
| 650 |
_aGran unidad _930414 |
||
| 710 |
_aGran Unidad Escolar Bartolomé Herrera (Lima) _930415 |
||
| 942 |
_2ddc _cLIBROS |
||
| 945 |
_adavv _d09/04/2019 |
||